000 00735nas a2200253 4500
001 BR2013006664
003 BR-BrBNA
005 20231205122815.0
007 ta
008 230509b bl.|||p| |||| 00| 00por d
040 _aBR-BrBNA
_bpor
_cBiblioteca Nacional de Agricultura
041 _a(Pt)
072 _aE14
100 1 _aNastari, P.M.
245 1 _aSafra 2013/14: cana em ritmo de recuperação
650 _aCANA DE AÇÚCAR
650 _aEXPORTAÇÃO
650 _aPRODUTIVIDADE
650 _aTECNOLOGIA AGRÍCOLA
650 _aCOLHEITA MECÂNICA
773 0 _tAgroanalysis (Brazil)
_xISSN 0100-4298
_g(May 2013), v. 33(5) p. 31-32
_wBR2013006664
909 _a202311
_bLúcia
_c55
_dLúcia Elande
942 _2AGRIS
_n0
_cANA
999 _c230674
_d230674